000 00386nam a2200157Ia 4500
008 210210b1972 xxu||||| |||| 00| 0 eng d
082 _a541.369 RAKT
100 _aRAKSHIT (P C).
245 _aThermodynamics.Ed 3.
250 _a
260 _aCalcutta
_bScience Book Agency
_c1972
300 _axii,460
650 _aThermodynamics
690 _aPhysical Chemistry
906 _a031579
999 _c82641
_d82641